[Event "Open Nord 2016/2017"]
[Site "Meyreuil"]
[Date "2017.04.29"]
[Round "9"]
[White "Renoulet, Francoise"]
[Black "Pietrac, Christian"]
[Result "0-1"]
[WhiteElo "1040"]
[BlackElo "1245"]
[PlyCount "60"]

1. c4 Nf6 2. Nc3 g6 3. g3 Bg7 4. Bg2 O-O 5. d4 d6 6. Nf3 Nbd7 7. O-O e5 8. e4
a5 9. b3 Ne8 10. Rb1 f5 11. Re1 c5 12. dxc5 Nxc5 13. Qc2 Nf6 14. Nd5 Nxd5 15.
cxd5 Nxe4 16. Be3 Bd7 17. Nd2 Nxd2 18. Bxd2 Rc8 19. Qd1 e4 20. Bf4 Bb5 21. Qd2
Bc3 22. Qe3 Bxe1 23. Rxe1 Rc2 24. a4 Bd3 25. Qa7 Rf7 26. Be3 Re2 27. Rxe2 Bxe2
28. Bb6 Qc8 29. Qxa5 Qc1+ 30. Bf1 Qxf1# 0-1

[Event "Open Nord 2016/2017"]
[Site "Meyreuil"]
[Date "2017.04.29"]
[Round "9"]
[White "Burmonas, Solange"]
[Black "Schoeni, Christine"]
[Result "1-0"]
[WhiteElo "1276"]
[BlackElo "1100"]
[PlyCount "145"]

1. e4 e5 2. Nf3 Nc6 3. Bc4 f6 4. Nc3 Nge7 5. O-O d6 6. h3 Nd4 7. Nxd4 exd4 8.
Nd5 Nxd5 9. Bxd5 Be7 10. Qf3 c6 11. Bb3 c5 12. c3 d3 13. Qxd3 Bd7 14. Qc4 Rf8
15. d4 Qc8 16. Bf4 Qc7 17. Rae1 O-O-O 18. Ba4 Bxa4 19. Qxa4 b6 20. Rc1 g5 21.
Bh2 Kb7 22. b4 Qc6 23. Qxc6+ Kxc6 24. d5+ Kb7 25. Rfe1 c4 26. b5 h5 27. f3 Ra8
28. Ra1 a6 29. a4 a5 30. Rad1 h4 31. Kf1 Kc7 32. Rd4 Kd7 33. Bg1 Rac8 34. Be3
Bd8 35. Ke2 f5 36. Rg1 f4 37. Bf2 Bf6 38. Rdd1 Bxc3 39. Bxb6 Bb4 40. Bd4 c3 41.
Rc1 c2 42. Bb2 Rc5 43. Kd3 Rfc8 44. Rgf1 Ba3 45. Bxa3 Rc3+ 46. Kd2 Rxa3 47.
Rxc2 Rxa4 48. Rxc8 Kxc8 49. Rc1+ Kb7 50. Rc6 Rd4+ 51. Kc3 Rb4 52. Rxd6 Rxb5 53.
Rd7+ Kc8 54. Rg7 Rc5+ 55. Kd4 Rc1 56. Rxg5 Rd1+ 57. Ke5 a4 58. d6 a3 59. Ke6 a2
60. Rc5+ Kb7 61. Ra5 a1=Q 62. Rxa1 Rxa1 63. d7 Ra6+ 64. Ke7 Ra7 65. d8=Q Ka6+
66. Ke8 Kb7 67. Qd5+ Kb8 68. e5 Kc7 69. e6 Rb7 70. e7 Rb8+ 71. Qd8+ Kb7 72.
Qxb8+ Kxb8 73. Kf8 1-0

[Event "Open Nord 2016/2017"]
[Site "Meyreuil"]
[Date "2016.04.29"]
[Round "9"]
[White "Lognos, Lina"]
[Black "Gougeon, Hugo"]
[Result "0-1"]
[WhiteElo "1088"]
[BlackElo "1188"]
[PlyCount "102"]

1. c4 e5 2. e4 Bc5 3. Nc3 Nf6 4. Nge2 Ng4 5. d4 exd4 6. Nxd4 d6 7. Na4 O-O 8.
Nxc5 dxc5 9. f3 Qxd4 10. fxg4 Qxe4+ 11. Qe2 Qxg4 12. h3 Qxe2+ 13. Bxe2 Re8 14.
Rh2 b6 15. g3 Ba6 16. Bf4 Re7 17. O-O-O Nc6 18. Bf3 Bb7 19. Bg5 Re5 20. Bf4 Rf5
21. Re2 h6 22. Re7 Nxe7 23. Bxb7 Rb8 24. Bd5 Nxd5 25. cxd5 Rd8 26. Bxc7 Rd7 27.
d6 Rf3 28. Re1 Rxg3 29. Re7 Rxe7 30. dxe7 Re3 31. Bd8 Kh7 32. Kd2 Re6 33. a4
Kg6 34. Kc3 Kf5 35. Kc4 Ke5 36. Kb5 Kd6 37. Ka6 Kd7 38. Kxa7 Ke8 39. b3 f5 40.
Ka6 f4 41. Kb5 f3 42. a5 bxa5 43. Kxc5 f2 44. Kd5 Rxe7 45. Bxe7 Kxe7 46. h4 g6
47. Kc5 f1=Q 48. Kb6 Qf5 49. h5 g5 50. b4 axb4 51. Kc6 Qe5 0-1

[Event "Open Nord 2016/2017"]
[Site "Meyreuil"]
[Date "2017.04.29"]
[Round "9"]
[White "Burmonas, Marc"]
[Black "Salvi, Angele"]
[Result "1-0"]
[WhiteElo "1158"]
[BlackElo "1082"]
[PlyCount "73"]

1. e4 d5 2. exd5 Qxd5 3. Nc3 Qa5 4. g3 Nf6 5. Bg2 Bf5 6. d3 c6 7. Nge2 e6 8.
O-O Bd6 9. Bd2 Qc7 10. Re1 Nbd7 11. Nd4 O-O-O 12. Nxf5 exf5 13. Qf3 g6 14. Ne2
Ne5 15. Qe3 b6 16. Bh3 Nfg4 17. Bxg4 Nxg4 18. Qf3 Rde8 19. h3 Ne5 20. Qg2 h5
21. Bg5 Re6 22. Nf4 Nf3+ 23. Qxf3 Rxe1+ 24. Rxe1 Qd7 25. Bf6 Rg8 26. h4 Kb7 27.
a3 Rc8 28. b4 Kb8 29. d4 b5 30. c3 Bc7 31. Be5 Kb7 32. Bxc7 Rxc7 33. d5 Kb6 34.
dxc6 Rxc6 35. Nd5+ Ka6 36. Rd1 Qc8 37. Ne7 1-0